000 00693nam a22002297a 4500
005 20170124110100.0
010 _aB-060488
020 _c00.00
_a8178800012
035 _aB-060488
037 _bCen Lib/Ret
040 _aDPL
_bEN
082 _a647.94
_bMAD
100 _aMadhukar, Manoj
_919024
245 _aProfessional housekeeping /
_cby Manoj Madhukar
260 _aNew Delhi
_bRajat publications
_c2001
270 _bNew Delhi
_a4675/21, Ansari road daryanganj
_e110002
300 _a315p.
_c21cm(Hb)
500 _aIncludes index
650 _aHousekeeping
_926955
650 _aPlanning and organising
_xhousekeeping
_926956
942 _2ddc
_cEN
_h647.94
_mMAD
999 _c129630
_d129630